Animal Alphabet Picture 8 - Statistics

General Stats
  • This quiz has been taken 23 times
  • The average score is 19 of 26
Answer Stats
Picture Hint Answer % Correct
C Crocodile
95%
E Eagle
95%
F Flamingo
95%
J Jaguar
95%
M Mouse
95%
P Pig
95%
W Worm
95%
H Hedgehog
90%
I Iguana
90%
B Bobcat
85%
L Llama
85%
S Seal
85%
G Gazelle
80%
K Kiwi
80%
T Tarantula
75%
D Dingo
70%
R Roadrunner
70%
Y Yellow Jacket
70%
A Albatross
65%
O Okapi
55%
Z Zebu
50%
Q Quetzal
45%
V Vervet
40%
N Numbat
35%
U Uaru
30%
X Xenops
30%
No matching quizzes found
Score Distribution
Percent of People with Each Score
Percentile by Number Answered
Your Score History
You have not taken this quiz